Bertolucci por Bertolucci
Bewaard in:
| Hoofdauteurs: | , |
|---|---|
| Formaat: | Boek |
| Taal: | Spaans |
| Gepubliceerd in: |
Madrid
PLOT
1987
|
| Onderwerpen: | |
| Tags: |
Voeg label toe
Geen labels, Wees de eerste die dit record labelt!
|
MARC
| LEADER | 00000nam a2200000 a 4500 | ||
|---|---|---|---|
| 001 | UCW0260 | ||
| 003 | CL-VaPUC | ||
| 008 | 921021e19870000SP |||||||||||||||||spa|d | ||
| 082 | 0 | 4 | |a 791.4309 |b UNG |2 21 |
| 100 | 0 | |a Ungari, Enzo |e author |9 304212 | |
| 700 | 0 | |a Ranvaud, Donald |e author |9 304213 | |
| 245 | 1 | 0 | |a Bertolucci por Bertolucci |
| 300 | |a 303 p | ||
| 942 | |c BK | ||
| 945 | |d 19921021 00:00:00 | ||
| 260 | |a Madrid |b PLOT |c 1987 | ||
| 600 | 0 | 7 | |a BERTOLUCCI, BERNARDO |2 CL-VaPUC |9 269198 |
| 650 | 0 | |a Productores y directores de cine |9 266427 | |
| 583 | |a last modification |c 19921021 00:00:00 |k Rodrigo Vera | ||
| 999 | |c 215477 |d 215475 | ||
| 952 | |0 0 |1 0 |4 0 |6 791_430900000000000_UNG_1987 |7 0 |8 R |9 199803 |a BIBART |b BIBART |d 2019-11-14 |i 2670763 |o 791.4309 UNG 1987 |p 2670763 |r 2025-03-13 |w 2019-11-14 |y BK_R |k ART | ||